000 00567cam a2200193 4500500
005 20260405000733.0
041 _afre
042 _adc
100 1 0 _aDennehy, Myriam
_eauthor
245 0 0 _aEt si … l’avenir, c’était le présent ?
260 _c2009.
500 _a86
690 _aBauman
690 _aFutur
690 _aMétéo
690 _aUtopie
786 0 _nPhilosophie magazine | 28 | 4 | 2009-04-01 | p. 15-15 | 1951-1787
856 4 1 _uhttps://shs.cairn.info/magazine-philosophie-magazine-2009-4-page-15?lang=fr&redirect-ssocas=7080
999 _c2040314
_d2040314